002260000a220007300045001000021000002450080000210410013001017730038001141 aKempf, Walter W.10aNew species of strumigenys from the lower Amazon, Brazil (Hym., Formicidae)0 aInglés1 tStudia ent.h1-4q39-44d1976g19